000
00301nam a22001457a 4500
008
210301b ||||| |||| 00| 0 eng d
020
_a
9780070696099
041
_a
eng
080
_a
610
082
_a
610
100
_a
1
101
_a
INF
245
_a
Primary Care
_c
Weiss, B.D
942
_2
udc
_c
BK
999
_c
55375
_d
55375